Circadian pattern of deaths due to suicide in intoxicated alcohol-dependent individuals

Gespeichert in:  
Bibliographische Detailangaben
VerfasserInnen: Chakravorty, Subhajit (Verfasst von) ; Kranzler, Henry R. 1950- (Verfasst von) ; Grandner, Michael A. (Verfasst von) ; Perlis, Michael L. (Verfasst von) ; Smith, Rachel V. (Verfasst von)
Medienart: Elektronisch Aufsatz
Sprache:Englisch
Veröffentlicht: 2018
In: The journal of clinical psychiatry
Jahr: 2018, Band: 79, Heft: 6
Online-Zugang: Volltext (lizenzpflichtig)
Volltext (lizenzpflichtig)
Verfügbarkeit prüfen: HBZ Gateway

MARC

LEADER 00000caa a22000002c 4500
001 1912479710
003 DE-627
005 20250114054940.0
007 cr uuu---uuuuu
008 241217s2018 xx |||||o 00| ||eng c
024 7 |a 10.4088/JCP.17m11800  |2 doi 
035 |a (DE-627)1912479710 
035 |a (DE-599)KXP1912479710 
040 |a DE-627  |b ger  |c DE-627  |e rda 
041 |a eng 
084 |a 2,1  |2 ssgn 
100 1 |a Chakravorty, Subhajit  |e VerfasserIn  |4 aut 
245 1 0 |a Circadian pattern of deaths due to suicide in intoxicated alcohol-dependent individuals 
264 1 |c 2018 
336 |a Text  |b txt  |2 rdacontent 
337 |a Computermedien  |b c  |2 rdamedia 
338 |a Online-Ressource  |b cr  |2 rdacarrier 
700 1 |a Kranzler, Henry R.  |d 1950-  |e VerfasserIn  |0 (DE-588)172810655  |0 (DE-627)697740943  |0 (DE-576)133666905  |4 aut 
700 1 |a Grandner, Michael A.  |e VerfasserIn  |0 (DE-588)1203323093  |0 (DE-627)1688152369  |4 aut 
700 1 |a Perlis, Michael L.  |e VerfasserIn  |0 (DE-588)1089559267  |0 (DE-627)851099262  |0 (DE-576)459486268  |4 aut 
700 1 |a Smith, Rachel V.  |e VerfasserIn  |4 aut 
773 0 8 |i Enthalten in  |t The journal of clinical psychiatry  |d Memphis, Tenn. : Physicians Postgraduate Press, 1996  |g 79(2018), 6  |h Online-Ressource  |w (DE-627)32064832X  |w (DE-600)2025649-8  |w (DE-576)095092161  |x 1555-2101  |7 nnas 
773 1 8 |g volume:79  |g year:2018  |g number:6 
787 0 8 |i Forschungsdaten  |a United States Department of Health and Human Services. Centers for Disease Control and Prevention. National Center for Injury Prevention and Control  |t National Violent Death Reporting System, 2005  |d [Erscheinungsort nicht ermittelbar] : [Verlag nicht ermittelbar], 2007  |w (DE-627)1902797132 
787 0 8 |i Forschungsdaten  |a United States Department of Health and Human Services. Centers for Disease Control and Prevention. National Center for Injury Prevention and Control  |t National Violent Death Reporting System, 2004  |d [Erscheinungsort nicht ermittelbar] : [Verlag nicht ermittelbar], 2006  |w (DE-627)190279706X 
787 0 8 |i Forschungsdaten  |a United States Department of Health and Human Services. Centers for Disease Control and Prevention. National Center for Injury Prevention and Control  |t National Violent Death Reporting System, 2003  |d [Erscheinungsort nicht ermittelbar] : [Verlag nicht ermittelbar], 2006  |w (DE-627)1902797051 
787 0 8 |i Forschungsdaten  |a National Center for Injury Prevention and Control (U.S.)  |t National Violent Death Reporting System, [United States], 2002-present 
856 4 0 |u https://doi.org/10.4088/JCP.17m11800  |x Resolving-System  |z lizenzpflichtig  |3 Volltext  |7 1 
856 4 0 |u https://pubmed.ncbi.nlm.nih.gov/30358241-circadian-pattern-of-deaths-due-to-suicide-in-intoxicated-alcohol-dependent-individuals/  |x Verlag  |z lizenzpflichtig  |3 Volltext  |7 1 
935 |a mkri 
951 |a AR 
ELC |a 1 
LOK |0 000 xxxxxcx a22 zn 4500 
LOK |0 001 4637445213 
LOK |0 003 DE-627 
LOK |0 004 1912479710 
LOK |0 005 20241217044223 
LOK |0 008 241217||||||||||||||||ger||||||| 
LOK |0 035   |a (DE-2619)ICPSR145371 
LOK |0 040   |a DE-2619  |c DE-627  |d DE-2619 
LOK |0 092   |o n 
LOK |0 852   |a DE-2619 
LOK |0 852 1  |9 00 
LOK |0 935   |a nacp 
LOK |0 939   |a 17-12-24  |b l01 
ORI |a SA-MARC-krimdoka001.raw